000 00719nam a2200277Ia 4500
005 20260121125008.0
008 008 260114s9999 xx 000 0 eng d
020 _a9781501763106
037 _aEBOOK
040 _aCRL
040 _beng
040 _cCRL
041 _2eng
041 _aeng
084 _qCRL
100 _aWeinfeld, David
_9985479
245 3 _aAn American Friendship: Horace Kallen, Alain Locke, and the Development of Cultural Pluralism
260 _bWalter de Gruyter
260 _bWalter de Gruyter
260 _c2022
650 _aHistory
_9985480
856 _uhttp://www.degruyter.com/isbn/9781501763106
942 _cEBOOK
999 _c1558718
_d1558718